000 00311nam a2200133Ia 4500
100 _aJohnk Carl T A
942 _cBK
654 _aengineering
245 _aEngineering electromagnetics Fields & Waves
260 _bJohn Wiley
_aNew York
_c1988
082 _a621.3
_bPAN
300 _a527
546 _aENGLISH
999 _c30341
_d30341